书目信息 |
| 题名: |
资产评估学
|
|
| 作者: | 彭晓英 , 史婉玲 , 石春红 主编 | |
| 分册: | ||
| 出版信息: | 北京 清华大学出版社 2018 |
|
| 页数: | 287页 | |
| 开本: | 26cm | |
| 丛书名: | ||
| 单 册: | ||
| 中图分类: | F20 | |
| 科图分类: | ||
| 主题词: | 资产评估--zi chan ping gu--高等学校--教材 | |
| 电子资源: | ||
| ISBN: | 978-7-302-51207-3 | |
| 000 | 01239nam0 2200277 450 | |
| 001 | 2156283975 | |
| 005 | 20211011172911.0 | |
| 010 | @a978-7-302-51207-3@dCNY52.50 | |
| 100 | @a20190226d2018 em y0chiy50 ea | |
| 101 | 0 | @achi |
| 102 | @aCN@b110000 | |
| 105 | @ay az 000yy | |
| 106 | @ar | |
| 200 | 1 | @a资产评估学@Azi chan ping gu xue@f彭晓英,史婉玲,石春红主编 |
| 210 | @a北京@c清华大学出版社@d2018 | |
| 215 | @a287页@d26cm | |
| 300 | @a普通高等院校“十三五”规划教材 | |
| 320 | @a有书目(第287页) | |
| 330 | @a本书立足于近年来国内外资产评估的研究进展和实践变革,吸收了多家院校的优势资源和研究成果,按照应用型本科院校的教学要求,根据资产评估的基本方法,围绕机器设备评估、房地产评估、无形资产评估、长期投资性资产评估、流动资产评估、企业价值评估、资产评估报告、我国资产评估行业发展概况和相关法规,通过案例及课后综合练习,强化理论基础,突出应用能力。本书分为十一章,每章都设置学习目标、导入案例、本章小结、综合练习等栏目,阐述过程力求层次及步骤清晰,注重实用性。 | |
| 606 | 0 | @a资产评估@Azi chan ping gu@x高等学校@j教材 |
| 690 | @aF20@v5 | |
| 701 | 0 | @a彭晓英@Apeng xiao ying@4主编 |
| 701 | 0 | @a史婉玲@Ashi wan ling@4主编 |
| 701 | 0 | @a石春红@Ashi chun hong@4主编 |
| 801 | 0 | @aCN@b百万庄@c20211006 |
| 905 | @b1305641-43@dF20@e106@f3 | |
| 资产评估学/彭晓英,史婉玲,石春红主编.-北京:清华大学出版社,2018 |
| 287页;26cm |
| 普通高等院校“十三五”规划教材 |
| ISBN 978-7-302-51207-3:CNY52.50 |
| 本书立足于近年来国内外资产评估的研究进展和实践变革,吸收了多家院校的优势资源和研究成果,按照应用型本科院校的教学要求,根据资产评估的基本方法,围绕机器设备评估、房地产评估、无形资产评估、长期投资性资产评估、流动资产评估、企业价值评估、资产评估报告、我国资产评估行业发展概况和相关法规,通过案例及课后综合练习,强化理论基础,突出应用能力。本书分为十一章,每章都设置学习目标、导入案例、本章小结、综合练习等栏目,阐述过程力求层次及步骤清晰,注重实用性。 |
| ● |
| 相关链接 |
|
|
|
|
正题名:资产评估学
索取号:F20/106
 
预约/预借
| 序号 | 登录号 | 条形码 | 馆藏地/架位号 | 状态 | 备注 |
| 1 | 1305641 | 213056413 | 第一样本阅览室/ [索取号:F20/106] | 在馆 | |
| 2 | 1305642 | 213056422 | 第一借阅区/ [索取号:F20/106] | 在馆 | |
| 3 | 1305643 | 213056431 | 第一借阅区/ [索取号:F20/106] | 在馆 |